000 00205 a2200097 4500
001 13138
100 _aMcSpadden,J.W
245 _aRobin Hood
260 _a
_bAlhamra Publishing Co
_c
090 _c10140
_d10140
942 _aNUST-CAE
_cM
_c160
999 _c248211
_d248211